|
|
|
|
| LEADER |
000000000a22000000004500 |
| 001 |
003769 |
| 020 |
|
|
|a 9583327433
|
| 041 |
0 |
|
|a spa
|
| 082 |
0 |
4 |
|a 306
|b M533m
|
| 245 |
0 |
0 |
|a Memorias Cátedra UNESCO. Gestión integral del patrimonio en centros históricos /
|c Fabio Rincón Cardona, editor.
|
| 260 |
|
1 |
|a Manizales, Colombia :
|b Tizán,
|c 2000.
|
| 300 |
|
|
|a 452 páginas :
|b ilustraciones a color
|
| 500 |
|
|
|a Realizado en Recinto del Pensamiento Jaime Restrepo Mejía. En Manizales, Caldas, Colombia, en Junio 17 al 28 de 2000
|
| 500 |
|
|
|a Colección George Yúdice
|
| 505 |
|
|
|a Contenido: CENTROS HISTORICOS
|
| 650 |
|
4 |
|a PATRIMONIO CULTURAL
|
| 650 |
|
4 |
|a AMERICA LATINA
|
| 700 |
1 |
|
|a Rincón Cardona, Fabio,
|e editor
|
| 999 |
|
|
|c 10189
|d 10189
|
| 942 |
|
|
|c BK
|h 306 M533m
|2 z
|